LEADER 00806nam0-22002891--450- 001 990008789590403321 005 20090112131318.0 035 $a000878959 035 $aFED01000878959 035 $a(Aleph)000878959FED01 035 $a000878959 100 $a20090112d1916----km-y0itay50------ba 101 0 $aeng 102 $aGB 105 $ay-------001yy 200 1 $aTermination of war and treaties of peace$fby Coleman Phillipson 210 $aLondon$cT. Fisher Unwid$d1916 215 $aXIX, 486 p.$d26 cm 676 $a341.66$v19$zita 700 1$aPhillipson,$bColeman$0504438 801 0$aIT$bUNINA$gRICA$2UNIMARC 901 $aBK 912 $a990008789590403321 952 $aX D 38$b16405$fFGBC 959 $aFGBC 996 $aTermination of war and treaties of peace$9809727 997 $aUNINA LEADER 01291cam a2200277Ii 4500 001 991003833319707536 008 180810t20182018gw ab b 100 0 eng d 020 $a9783447109772 035 $ab14394868-39ule_inst 040 $aDip. Studi Umanistici$bita 041 0 $afre$aeng$ager 082 04$a932 111 2 $aInternational Fayum Symposion$n(6th :$d2016 :$cMontpellier, France)$0787011 245 13$aLe Fayoum :$barchéologie, histoire, religion : actes du sixième colloque international, Montpellier, 26-28 octobre 2016 /$cédités par Marie-Pierre Chaufray, Ivan Guermeur, Sandra Lippert et Vincent Rondot 264 1$aWiesbaden :$bHarrassowitz Verlag,$c2018 300 $aix, 226 p. :$bill. ;$c24 cm 700 1 $aChaufray, Marie-Pierre$eauthor$4http://id.loc.gov/vocabulary/relators/aut$0787012 700 1 $aGuermeur, Ivan$eauthor$4http://id.loc.gov/vocabulary/relators/aut$0478001 700 1 $aLippert, Sandra Luisa, 700 1 $aRondot, Vincent 907 $a.b14394868$b10-09-20$c09-07-20 912 $a991003833319707536 945 $aLE007 Sala C 930 CHA01.01$g1$i2007000300527$lle007$nLE007 Davoli 2020$op$pE49.00$q-$rl$s- $t0$u0$v0$w0$x0$y.i15934366$z10-09-20 996 $aFayoum$91753062 997 $aUNISALENTO 998 $ale007$b09-07-20$cm$da $e $feng$ggw $h3$i0